01233nab a22002297a 4500999001500000003000400015005001700019008004100036040000700077100003600084245011800120260007200238300001200310505033200322505008900654650002300743650002900766650003400795700003100829773013000860942001300990 c6089d6089OSt20260121205045.0190502c xxu||||| |||| 00| 0 spa d cPJ 96863aAmaro Piccinini, Georgina10aApuntes para garantizar la perspectiva de género en el jurado /cGeorgina Amaro Piccinini, Natasha Deligiannis. aCiudad Autónoma de Buenos Aires :bThomson Reuters La Ley,c2024. ap. 3-14 aSumario: I. Introducción: ¿cómo garantizar la perspectiva de género en el jurado?— II. Dos modelos en pugna: ¿capacitación ad hoc o instrucciones?— III. La perspectiva de género en las instrucciones al jurado: contenidos mínimos.— IV. Conclusiones: instrucciones al jurado con debida diligencia reforzada.  t¿Te interesa el texto completo? Solicitalo al correo: koha@justierradelfuego.gov.ar 09343aDERECHO PENAL 093067aJUICIO POR JURADOS 094044aPERSPECTIVA DE GÉNERO 96634aDeligiannis, Natasha0 0272993180dBuenos Aires : LexisNexis, 2006-tRevista de derecho penal y procesal penal. Nº 9 - Septiembre 2024z9875920622 2udccANA